Pixar Characters by Picture (Every Film) - Statistics

General Stats
  • This quiz has been taken 197 times
  • The average score is 22 of 52
Answer Stats
Picture Answer % Correct
Buzz Lightyear
97%
Woody
96%
Nemo
92%
Wall-E
87%
Lightning Mcqueen
86%
James P. Sullivan
81%
Dory
80%
Mike Wazowski
79%
Mr. Incredible
79%
Remy
78%
Boo
76%
Jessie
76%
Joy
74%
Merida
69%
Eve
67%
Marlin
60%
Carl Fredricksen
59%
Syndrome
59%
Doc Hudson
56%
Bo Peep
52%
Elastigirl
51%
Forky
51%
Jack Jack
50%
Lotso
47%
Russell
47%
Stinky Pete
41%
Bonnie
38%
Luca
38%
Miguel
38%
Alfredo Linguini
35%
Flik
30%
Zurg
27%
Hopper
24%
Finn Mcmissile
22%
Francesco
20%
Hector
17%
Randy
16%
Arlo
14%
Hank
13%
Jackson Storm
12%
Cruz
11%
Fergus
10%
Spot
10%
22
8%
Meilin Lee
8%
Ian Lightfoot
7%
Reilly
7%
Joe Gardner
6%
Barley Lightfoot
4%
Ming Lee
3%
Guila
1%
Izzy Hawthorne
1%
No matching quizzes found
Score Distribution
Percent of People with Each Score
Percentile by Number Answered
Your Score History
You have not taken this quiz